中国所有“城市”(城市点位地图版) - Statistics

General Stats
  • This quiz has been taken 79 times
  • The average score is 492 of 717
Answers on the Map
Answers color-coded by a green-red scale on the quiz's map according to % correct below.
 
Answer Stats
省级行政区 城市 % Correct
直辖市 北京市
88%
直辖市 天津市
88%
河北省 唐山市
86%
河北省 秦皇岛市
86%
河北省 张家口市
86%
山西省 太原市
86%
辽宁省 大连市
86%
辽宁省 锦州市
86%
辽宁省 铁岭市
86%
辽宁省 朝阳市
86%
吉林省 吉林市
86%
江苏省 南通市
86%
西藏自治区 拉萨市
86%
陕西省 西安市
86%
河北省 邯郸市
84%
河北省 邢台市
84%
河北省 保定市
84%
河北省 廊坊市
84%
山西省 大同市
84%
内蒙古自治区 呼和浩特市
84%
内蒙古自治区 包头市
84%
辽宁省 沈阳市
84%
辽宁省 抚顺市
84%
吉林省 长春市
84%
吉林省 辽源市
84%
吉林省 白城市
84%
黑龙江省 哈尔滨市
84%
黑龙江省 大庆市
84%
黑龙江省 黑河市
84%
直辖市 上海市
84%
江苏省 南京市
84%
江苏省 徐州市
84%
江苏省 苏州市
84%
江苏省 连云港市
84%
江苏省 盐城市
84%
江苏省 扬州市
84%
江苏省 泰州市
84%
浙江省 杭州市
84%
浙江省 宁波市
84%
浙江省 温州市
84%
浙江省 绍兴市
84%
浙江省 金华市
84%
浙江省 台州市
84%
安徽省 合肥市
84%
山东省 青岛市
84%
山东省 烟台市
84%
河南省 郑州市
84%
陕西省 咸阳市
84%
陕西省 延安市
84%
陕西省 榆林市
84%
新疆维吾尔自治区 乌鲁木齐市
84%
河北省 石家庄市
82%
河北省 承德市
82%
河北省 衡水市
82%
山西省 朔州市
82%
山西省 晋中市
82%
山西省 临汾市
82%
山西省 吕梁市
82%
内蒙古自治区 赤峰市
82%
内蒙古自治区 通辽市
82%
辽宁省 鞍山市
82%
辽宁省 丹东市
82%
吉林省 白山市
82%
黑龙江省 齐齐哈尔市
82%
江苏省 常州市
82%
江苏省 淮安市
82%
江苏省 宿迁市
82%
浙江省 湖州市
82%
浙江省 衢州市
82%
安徽省 芜湖市
82%
安徽省 淮南市
82%
安徽省 淮北市
82%
安徽省 黄山市
82%
安徽省 阜阳市
82%
安徽省 六安市
82%
福建省 福州市
82%
福建省 泉州市
82%
福建省 漳州市
82%
山东省 济南市
82%
山东省 东营市
82%
山东省 威海市
82%
河南省 开封市
82%
河南省 洛阳市
82%
河南省 安阳市
82%
河南省 许昌市
82%
河南省 南阳市
82%
湖南省 长沙市
82%
广东省 深圳市
82%
广东省 湛江市
82%
广东省 惠州市
82%
广西壮族自治区 钦州市
82%
四川省 南充市
82%
陕西省 宝鸡市
82%
陕西省 汉中市
82%
陕西省 安康市
82%
甘肃省 兰州市
82%
甘肃省 武威市
82%
甘肃省 酒泉市
82%
甘肃省 庆阳市
82%
青海省 西宁市
82%
宁夏回族自治区 银川市
82%
新疆维吾尔自治区 吐鲁番市
82%
新疆维吾尔自治区 喀什市
82%
河北省 沧州市
80%
山西省 长治市
80%
山西省 忻州市
80%
内蒙古自治区 乌海市
80%
内蒙古自治区 鄂尔多斯市
80%
内蒙古自治区 二连浩特市
80%
辽宁省 营口市
80%
辽宁省 阜新市
80%
辽宁省 辽阳市
80%
辽宁省 葫芦岛市
80%
吉林省 通化市
80%
黑龙江省 鸡西市
80%
江苏省 无锡市
80%
江苏省 镇江市
80%
江苏省 张家港市
80%
江苏省 昆山市
80%
浙江省 舟山市
80%
安徽省 马鞍山市
80%
安徽省 宿州市
80%
福建省 厦门市
80%
江西省 南昌市
80%
江西省 景德镇市
80%
江西省 九江市
80%
江西省 赣州市
80%
山东省 枣庄市
80%
山东省 济宁市
80%
山东省 泰安市
80%
山东省 德州市
80%
山东省 聊城市
80%
河南省 鹤壁市
80%
河南省 濮阳市
80%
河南省 三门峡市
80%
河南省 商丘市
80%
河南省 信阳市
80%
河南省 驻马店市
80%
湖北省 武汉市
80%
湖北省 恩施市
80%
湖南省 湘潭市
80%
湖南省 岳阳市
80%
湖南省 益阳市
80%
广东省 广州市
80%
广东省 韶关市
80%
广东省 珠海市
80%
广东省 汕头市
80%
广东省 汕尾市
80%
广东省 东莞市
80%
广东省 揭阳市
80%
广东省 雷州市
80%
广西壮族自治区 南宁市
80%
广西壮族自治区 柳州市
80%
广西壮族自治区 防城港市
80%
海南省 海口市
80%
直辖市 重庆市
80%
四川省 成都市
80%
四川省 泸州市
80%
四川省 巴中市
80%
贵州省 遵义市
80%
云南省 昆明市
80%
西藏自治区 日喀则市
80%
西藏自治区 林芝市
80%
陕西省 渭南市
80%
甘肃省 张掖市
80%
山西省 阳泉市
79%
山西省 晋城市
79%
辽宁省 本溪市
79%
辽宁省 盘锦市
79%
吉林省 松原市
79%
黑龙江省 鹤岗市
79%
黑龙江省 伊春市
79%
黑龙江省 佳木斯市
79%
黑龙江省 牡丹江市
79%
黑龙江省 绥化市
79%
黑龙江省 漠河市
79%
江苏省 常熟市
79%
江苏省 太仓市
79%
浙江省 嘉兴市
79%
安徽省 蚌埠市
79%
安徽省 安庆市
79%
安徽省 亳州市
79%
安徽省 宣城市
79%
福建省 龙岩市
79%
福建省 宁德市
79%
山东省 日照市
79%
山东省 临沂市
79%
山东省 菏泽市
79%
河南省 平顶山市
79%
河南省 新乡市
79%
河南省 漯河市
79%
湖北省 十堰市
79%
湖北省 宜昌市
79%
湖北省 荆州市
79%
湖北省 黄冈市
79%
湖北省 随州市
79%
湖南省 株洲市
79%
湖南省 衡阳市
79%
广东省 佛山市
79%
广东省 中山市
79%
广东省 潮州市
79%
广西壮族自治区 桂林市
79%
广西壮族自治区 北海市
79%
广西壮族自治区 百色市
79%
海南省 东方市
79%
四川省 德阳市
79%
四川省 绵阳市
79%
四川省 广元市
79%
四川省 乐山市
79%
四川省 宜宾市
79%
贵州省 贵阳市
79%
贵州省 毕节市
79%
云南省 昭通市
79%
云南省 大理市
79%
云南省 香格里拉市
79%
西藏自治区 昌都市
79%
西藏自治区 那曲市
79%
陕西省 铜川市
79%
陕西省 商洛市
79%
甘肃省 嘉峪关市
79%
甘肃省 金昌市
79%
甘肃省 平凉市
79%
甘肃省 定西市
79%
甘肃省 敦煌市
79%
新疆维吾尔自治区 克拉玛依市
79%
新疆维吾尔自治区 阿克苏市
79%
新疆维吾尔自治区 阿勒泰市
79%
山西省 运城市
77%
内蒙古自治区 呼伦贝尔市
77%
内蒙古自治区 乌兰察布市
77%
内蒙古自治区 满洲里市
77%
吉林省 四平市
77%
吉林省 延吉市
77%
江苏省 江阴市
77%
江苏省 宜兴市
77%
浙江省 丽水市
77%
浙江省 义乌市
77%
安徽省 铜陵市
77%
安徽省 滁州市
77%
福建省 南平市
77%
江西省 宜春市
77%
山东省 淄博市
77%
山东省 滨州市
77%
河南省 焦作市
77%
河南省 周口市
77%
河南省 济源市
77%
湖北省 黄石市
77%
湖北省 襄阳市
77%
湖北省 鄂州市
77%
湖南省 邵阳市
77%
湖南省 张家界市
77%
湖南省 郴州市
77%
湖南省 永州市
77%
广东省 江门市
77%
广东省 茂名市
77%
广东省 肇庆市
77%
广东省 梅州市
77%
广东省 阳江市
77%
广西壮族自治区 贺州市
77%
海南省 三亚市
77%
海南省 文昌市
77%
四川省 眉山市
77%
四川省 广安市
77%
四川省 达州市
77%
云南省 曲靖市
77%
云南省 丽江市
77%
西藏自治区 山南市
77%
甘肃省 白银市
77%
甘肃省 天水市
77%
宁夏回族自治区 石嘴山市
77%
宁夏回族自治区 固原市
77%
新疆维吾尔自治区 哈密市
77%
新疆维吾尔自治区 和田市
77%
新疆维吾尔自治区 铁门关市
77%
内蒙古自治区 锡林浩特市
75%
黑龙江省 双鸭山市
75%
江苏省 溧阳市
75%
江苏省 启东市
75%
江苏省 扬中市
75%
浙江省 慈溪市
75%
安徽省 池州市
75%
福建省 莆田市
75%
福建省 三明市
75%
江西省 吉安市
75%
江西省 抚州市
75%
江西省 上饶市
75%
湖南省 常德市
75%
湖南省 娄底市
75%
广东省 清远市
75%
广东省 云浮市
75%
广西壮族自治区 来宾市
75%
广西壮族自治区 崇左市
75%
海南省 三沙市
75%
海南省 五指山市
75%
四川省 攀枝花市
75%
四川省 雅安市
75%
云南省 芒市
75%
甘肃省 陇南市
75%
青海省 海东市
75%
宁夏回族自治区 中卫市
75%
新疆维吾尔自治区 霍尔果斯市
75%
新疆维吾尔自治区 石河子市
75%
新疆维吾尔自治区 五家渠市
75%
台湾省 台北市
75%
内蒙古自治区 巴彦淖尔市
73%
吉林省 公主岭市
73%
黑龙江省 七台河市
73%
黑龙江省 绥芬河市
73%
福建省 晋江市
73%
江西省 萍乡市
73%
江西省 新余市
73%
江西省 鹰潭市
73%
山东省 潍坊市
73%
山东省 曲阜市
73%
湖北省 荆门市
73%
湖北省 孝感市
73%
湖北省 咸宁市
73%
湖北省 仙桃市
73%
湖北省 潜江市
73%
湖南省 怀化市
73%
广东省 河源市
73%
广西壮族自治区 梧州市
73%
广西壮族自治区 玉林市
73%
广西壮族自治区 河池市
73%
海南省 儋州市
73%
四川省 自贡市
73%
四川省 资阳市
73%
贵州省 六盘水市
73%
贵州省 铜仁市
73%
云南省 保山市
73%
陕西省 神木市
73%
甘肃省 玉门市
73%
青海省 玉树市
73%
青海省 格尔木市
73%
青海省 德令哈市
73%
宁夏回族自治区 吴忠市
73%
新疆维吾尔自治区 塔城市
73%
新疆维吾尔自治区 图木舒克市
73%
台湾省 台中市
73%
黑龙江省 五常市
71%
江苏省 高邮市
71%
江苏省 丹阳市
71%
江苏省 泰兴市
71%
浙江省 东阳市
71%
河南省 新郑市
71%
湖北省 天门市
71%
广西壮族自治区 贵港市
71%
海南省 琼海市
71%
四川省 内江市
71%
四川省 马尔康市
71%
四川省 西昌市
71%
云南省 个旧市
71%
新疆维吾尔自治区 昌吉市
71%
新疆维吾尔自治区 库尔勒市
71%
新疆维吾尔自治区 伊宁市
71%
新疆维吾尔自治区 阿拉尔市
71%
台湾省 新北市
71%
台湾省 基隆市
71%
河北省 霸州市
70%
河北省 三河市
70%
内蒙古自治区 根河市
70%
黑龙江省 五大连池市
70%
江苏省 邳州市
70%
江苏省 靖江市
70%
浙江省 海宁市
70%
浙江省 兰溪市
70%
安徽省 巢湖市
70%
山东省 莱阳市
70%
山东省 青州市
70%
海南省 万宁市
70%
四川省 遂宁市
70%
四川省 康定市
70%
贵州省 安顺市
70%
贵州省 兴义市
70%
贵州省 凯里市
70%
云南省 玉溪市
70%
云南省 普洱市
70%
云南省 楚雄市
70%
云南省 文山市
70%
云南省 泸水市
70%
新疆维吾尔自治区 双河市
70%
新疆维吾尔自治区 昆玉市
70%
新疆维吾尔自治区 新星市
70%
台湾省 桃园市
70%
台湾省 台南市
70%
台湾省 高雄市
70%
河北省 涿州市
68%
河北省 定州市
68%
辽宁省 灯塔市
68%
吉林省 图们市
68%
黑龙江省 抚远市
68%
江苏省 新沂市
68%
江苏省 如皋市
68%
江苏省 海安市
68%
浙江省 永康市
68%
浙江省 温岭市
68%
安徽省 天长市
68%
福建省 福清市
68%
福建省 石狮市
68%
福建省 福鼎市
68%
江西省 井冈山市
68%
山东省 龙口市
68%
山东省 荣成市
68%
山东省 乳山市
68%
云南省 临沧市
68%
云南省 瑞丽市
68%
西藏自治区 米林市
68%
西藏自治区 错那市
68%
甘肃省 临夏市
68%
青海省 茫崖市
68%
新疆维吾尔自治区 北屯市
68%
新疆维吾尔自治区 白杨市
68%
台湾省 台东市
68%
内蒙古自治区 牙克石市
66%
内蒙古自治区 乌兰浩特市
66%
辽宁省 瓦房店市
66%
江苏省 仪征市
66%
江苏省 句容市
66%
江苏省 兴化市
66%
浙江省 余姚市
66%
浙江省 诸暨市
66%
安徽省 宁国市
66%
福建省 武夷山市
66%
江西省 瑞金市
66%
山东省 胶州市
66%
山东省 莱州市
66%
湖南省 浏阳市
66%
广东省 高州市
66%
四川省 都江堰市
66%
贵州省 都匀市
66%
新疆维吾尔自治区 阿拉山口市
66%
新疆维吾尔自治区 库车市
66%
新疆维吾尔自治区 可克达拉市
66%
新疆维吾尔自治区 胡杨河市
66%
台湾省 嘉义市
66%
河北省 迁安市
64%
河北省 黄骅市
64%
河北省 深州市
64%
内蒙古自治区 额尔古纳市
64%
内蒙古自治区 阿尔山市
64%
黑龙江省 嫩江市
64%
江苏省 东台市
64%
浙江省 建德市
64%
浙江省 乐清市
64%
浙江省 龙港市
64%
浙江省 嵊州市
64%
河南省 林州市
64%
湖北省 赤壁市
64%
广东省 化州市
64%
广东省 四会市
64%
广东省 陆丰市
64%
四川省 峨眉山市
64%
青海省 同仁市
64%
新疆维吾尔自治区 博乐市
64%
新疆维吾尔自治区 阿图什市
64%
台湾省 花莲市
64%
河北省 辛集市
63%
河北省 高碑店市
63%
河北省 任丘市
63%
河北省 河间市
63%
山西省 侯马市
63%
内蒙古自治区 扎兰屯市
63%
辽宁省 庄河市
63%
辽宁省 东港市
63%
吉林省 梅河口市
63%
吉林省 珲春市
63%
黑龙江省 讷河市
63%
浙江省 瑞安市
63%
浙江省 桐乡市
63%
浙江省 江山市
63%
浙江省 临海市
63%
安徽省 无为市
63%
安徽省 桐城市
63%
江西省 共青城市
63%
山东省 平度市
63%
山东省 莱西市
63%
山东省 滕州市
63%
河南省 荥阳市
63%
河南省 登封市
63%
河南省 禹州市
63%
河南省 邓州市
63%
湖南省 吉首市
63%
广东省 台山市
63%
广东省 廉江市
63%
广东省 英德市
63%
广东省 连州市
63%
四川省 简阳市
63%
云南省 宣威市
63%
云南省 腾冲市
63%
云南省 蒙自市
63%
云南省 景洪市
63%
陕西省 华阴市
63%
甘肃省 合作市
63%
宁夏回族自治区 灵武市
63%
新疆维吾尔自治区 奎屯市
63%
河北省 武安市
61%
河北省 泊头市
61%
山西省 怀仁市
61%
山西省 汾阳市
61%
内蒙古自治区 霍林郭勒市
61%
辽宁省 凌海市
61%
吉林省 敦化市
61%
浙江省 玉环市
61%
山东省 招远市
61%
山东省 海阳市
61%
山东省 诸城市
61%
山东省 寿光市
61%
湖北省 利川市
61%
广东省 开平市
61%
广东省 普宁市
61%
广东省 罗定市
61%
四川省 广汉市
61%
四川省 阆中市
61%
贵州省 黔西市
61%
陕西省 韩城市
61%
宁夏回族自治区 青铜峡市
61%
新疆维吾尔自治区 阜康市
61%
河北省 晋州市
59%
河北省 滦州市
59%
河北省 安国市
59%
山西省 霍州市
59%
辽宁省 海城市
59%
辽宁省 盖州市
59%
辽宁省 大石桥市
59%
辽宁省 开原市
59%
辽宁省 北票市
59%
吉林省 榆树市
59%
吉林省 集安市
59%
黑龙江省 虎林市
59%
黑龙江省 铁力市
59%
黑龙江省 北安市
59%
浙江省 龙泉市
59%
安徽省 明光市
59%
安徽省 界首市
59%
安徽省 广德市
59%
福建省 福安市
59%
山东省 栖霞市
59%
山东省 高密市
59%
山东省 邹城市
59%
河南省 巩义市
59%
湖北省 麻城市
59%
湖南省 韶山市
59%
湖南省 邵东市
59%
广东省 南雄市
59%
广东省 鹤山市
59%
广东省 吴川市
59%
广西壮族自治区 平果市
59%
四川省 崇州市
59%
四川省 什邡市
59%
四川省 绵竹市
59%
四川省 江油市
59%
四川省 射洪市
59%
四川省 万源市
59%
贵州省 仁怀市
59%
台湾省 南投市
59%
河北省 遵化市
57%
河北省 南宫市
57%
河北省 沙河市
57%
山西省 古交市
57%
山西省 高平市
57%
山西省 介休市
57%
山西省 原平市
57%
山西省 孝义市
57%
内蒙古自治区 丰镇市
57%
辽宁省 凤城市
57%
辽宁省 北镇市
57%
辽宁省 调兵山市
57%
吉林省 扶余市
57%
黑龙江省 宁安市
57%
黑龙江省 安达市
57%
浙江省 平湖市
57%
福建省 南安市
57%
福建省 建瓯市
57%
江西省 庐山市
57%
山东省 安丘市
57%
山东省 肥城市
57%
山东省 邹平市
57%
河南省 新密市
57%
河南省 卫辉市
57%
湖北省 大冶市
57%
湖北省 丹江口市
57%
湖北省 当阳市
57%
湖北省 老河口市
57%
湖南省 宁乡市
57%
湖南省 冷水江市
57%
广东省 恩平市
57%
广东省 阳春市
57%
广西壮族自治区 凭祥市
57%
四川省 华蓥市
57%
四川省 会理市
57%
云南省 安宁市
57%
陕西省 彬州市
57%
陕西省 子长市
57%
山西省 永济市
55%
山西省 河津市
55%
辽宁省 新民市
55%
辽宁省 凌源市
55%
辽宁省 兴城市
55%
吉林省 蛟河市
55%
吉林省 磐石市
55%
吉林省 双辽市
55%
吉林省 龙井市
55%
黑龙江省 尚志市
55%
黑龙江省 同江市
55%
黑龙江省 东宁市
55%
黑龙江省 海伦市
55%
山东省 昌邑市
55%
河南省 舞钢市
55%
河南省 汝州市
55%
河南省 辉县市
55%
河南省 孟州市
55%
河南省 长葛市
55%
河南省 灵宝市
55%
河南省 永城市
55%
湖北省 枝江市
55%
湖北省 钟祥市
55%
湖北省 汉川市
55%
湖北省 石首市
55%
湖北省 监利市
55%
湖北省 广水市
55%
广东省 信宜市
55%
广西壮族自治区 东兴市
55%
四川省 彭州市
55%
贵州省 清镇市
55%
贵州省 盘州市
55%
贵州省 赤水市
55%
贵州省 兴仁市
55%
云南省 水富市
55%
云南省 弥勒市
55%
台湾省 新竹市
55%
台湾省 宜兰市
55%
河北省 新乐市
54%
河北省 平泉市
54%
吉林省 德惠市
54%
吉林省 桦甸市
54%
吉林省 舒兰市
54%
吉林省 和龙市
54%
黑龙江省 密山市
54%
黑龙江省 海林市
54%
黑龙江省 穆棱市
54%
黑龙江省 肇东市
54%
福建省 邵武市
54%
山东省 新泰市
54%
河南省 义马市
54%
湖北省 宜都市
54%
湖北省 枣阳市
54%
湖北省 宜城市
54%
湖北省 安陆市
54%
湖北省 洪湖市
54%
湖北省 松滋市
54%
湖南省 醴陵市
54%
湖南省 湘乡市
54%
湖南省 耒阳市
54%
湖南省 沅江市
54%
广东省 乐昌市
54%
广西壮族自治区 桂平市
54%
四川省 邛崃市
54%
云南省 澄江市
54%
甘肃省 华亭市
54%
新疆维吾尔自治区 乌苏市
54%
台湾省 彰化市
54%
台湾省 屏东市
54%
吉林省 洮南市
52%
吉林省 大安市
52%
黑龙江省 富锦市
52%
安徽省 潜山市
52%
江西省 樟树市
52%
山东省 乐陵市
52%
山东省 禹城市
52%
山东省 临清市
52%
河南省 沁阳市
52%
河南省 项城市
52%
湖北省 京山市
52%
湖北省 武穴市
52%
湖南省 常宁市
52%
湖南省 武冈市
52%
湖南省 汨罗市
52%
湖南省 津市市
52%
广东省 兴宁市
52%
广西壮族自治区 横州市
52%
四川省 隆昌市
52%
云南省 开远市
52%
陕西省 兴平市
52%
陕西省 旬阳市
52%
新疆维吾尔自治区 沙湾市
52%
吉林省 临江市
50%
福建省 永安市
50%
福建省 漳平市
50%
江西省 瑞昌市
50%
江西省 贵溪市
50%
江西省 龙南市
50%
江西省 丰城市
50%
湖南省 临湘市
50%
湖南省 祁阳市
50%
广西壮族自治区 靖西市
50%
广西壮族自治区 合山市
50%
贵州省 福泉市
50%
云南省 禄丰市
50%
台湾省 苗栗市
50%
河南省 长垣市
48%
湖北省 应城市
48%
湖南省 资兴市
48%
湖南省 涟源市
48%
广西壮族自治区 岑溪市
48%
广西壮族自治区 北流市
48%
江西省 乐平市
46%
江西省 高安市
46%
江西省 德兴市
46%
湖南省 洪江市
46%
广西壮族自治区 荔浦市
46%
台湾省 头份市
11%
台湾省 斗六市
7%
台湾省 朴子市
5%
台湾省 竹北市
4%
台湾省 员林市
4%
台湾省 太保市
4%
台湾省 马公市
4%
No matching quizzes found
Score Distribution
Percent of People with Each Score
Percentile by Number Answered
Your Score History
You have not taken this quiz